Normal view
MARC view
Entry Término temático
001 - NÚMERO DE CONTROL
- campo de control: 47879
003 - IDENTIFICADOR DEL NÚMERO DE CONTROL
- campo de control: OSt
005 - FECHA Y HORA DE LA ÚLTIMA TRANSACCIÓN
- campo de control: 20220419111742.0
008 - DATOS DE LONGITUD FIJA
- campo de control de longitud fija: 220419|| aca||aabn | a|a d
040 ## - FUENTE DE LA CATALOGACIÓN
- Centro catalogador/agencia de origen: OSt
- Centro/agencia transcriptor: OSt
150 ## - ENCABEZAMIENTO--TÉRMINO DE MATERIA
- Término de materia o nombre geográfico como elemento de entrada: Provincia de Anta
670 ## - FUENTE DE DATOS ENCONTRADOS
- Cita de la fuente: Work cat.: (OSt): Municipalidad Provincial de Anta 44100, Anta destino turístico del Perú :, 2016.